书目信息 |
| 题名: |
工程材料及应用
|
|
| 作者: | 李爱农 , 刘钰如 主编 | |
| 分册: | ||
| 出版信息: | 武汉 华中科技大学出版社 2019.01 |
|
| 页数: | 259页 | |
| 开本: | 26cm | |
| 丛书名: | 高等院校应用型本科智能制造领域“十三五”规划教材 | |
| 单 册: | ||
| 中图分类: | TB3 | |
| 科图分类: | ||
| 主题词: | 工程材料--gong cheng cai liao--高等学校--教材 | |
| 电子资源: | ||
| ISBN: | 978-7-5680-4852-1 | |
| 000 | 01226nam 2200277 450 | |
| 001 | 202019133653 | |
| 005 | 20190921113345.0 | |
| 010 | @a978-7-5680-4852-1@dCNY49.80 | |
| 100 | @a20190918d2019 em y0chiy50 ea | |
| 101 | 0 | @achi |
| 102 | @aCN@b420000 | |
| 105 | @aak a 000yy | |
| 106 | @ar | |
| 200 | 1 | @a工程材料及应用@Agong cheng cai liao ji ying yong@f李爱农, 刘钰如主编 |
| 210 | @a武汉@c华中科技大学出版社@d2019.01 | |
| 215 | @a259页@c图@d26cm | |
| 225 | 2 | @a高等院校应用型本科智能制造领域“十三五”规划教材@Agao deng yuan xiao ying yong xing ben ke zhi neng zhi zao ling yu “ shi san wu ” gui hua jiao cai@i专业基础课 |
| 320 | @a有书目 | |
| 330 | @a本书主要介绍了材料的性能、材料的结构与结晶、材料的成分、组织与性能之间的关系及其变化规律, 阐述了强化材料的几种手段 (控制结晶、塑性变形、热处理和合金化) 的基本原理, 系统介绍了工程材料的分类及常用牌号、合理选择材料、正确设计热处理方案等基本知识。 | |
| 410 | 0 | @12001 @a高等院校应用型本科智能制造领域“十三五”规划教材@i专业基础课 |
| 606 | 0 | @a工程材料@Agong cheng cai liao@x高等学校@j教材 |
| 690 | @aTB3@v5 | |
| 701 | 0 | @a李爱农@Ali ai nong@4主编 |
| 701 | 0 | @a刘钰如@Aliu yu ru@4主编 |
| 801 | 0 | @aCN@c20190905 |
| 905 | @a河南城建学院图书馆@dTB3@eL124 | |
| 工程材料及应用/李爱农, 刘钰如主编.-武汉:华中科技大学出版社,2019.01 |
| 259页:图;26cm.-(高等院校应用型本科智能制造领域“十三五”规划教材.专业基础课) |
| ISBN 978-7-5680-4852-1:CNY49.80 |
| 本书主要介绍了材料的性能、材料的结构与结晶、材料的成分、组织与性能之间的关系及其变化规律, 阐述了强化材料的几种手段 (控制结晶、塑性变形、热处理和合金化) 的基本原理, 系统介绍了工程材料的分类及常用牌号、合理选择材料、正确设计热处理方案等基本知识。 |
| ● |
| 相关链接 |
|
|
|
正题名:工程材料及应用
索取号:TB3/L124
 
预约/预借
| 序号 | 登录号 | 条形码 | 馆藏地/架位号 | 状态 | 备注 |
| 1 | 1440994 | 214409941 | 自科二线504/504自科库 42排6列1层/ [索取号:TB3/L124] | 在馆 | |
| 2 | 1440995 | 214409950 | 自科库501/501自科库 8排3列3层/ [索取号:TB3/L124] | 在馆 | |
| 3 | 1440996 | 214409969 | 自科库501/501自科库 8排3列3层/ [索取号:TB3/L124] | 在馆 | |
| 4 | 1440997 | 214409978 | 自科二线504/501自科库 8排3列3层/ [索取号:TB3/L124] | 在馆 |